000 01484nam a2200325 i 4500
001 768714001
003 CO-MdFUSB
005 20230315160814.0
007 ta
008 230304t1997 -us |||| |||| 00| 0 eng d
020 _a0393316890
040 _aCO-MdFUSB
_bspa
_cCO-MdFUSB
_dCO-MdFUSBC
_erda
041 _aeng
082 _223
_a221.95
_bG662bi
100 _aGordon, Cyrus H.
_eautor
245 _aThe Bible and the ancient near east
_c/ Cyrus H. Gordon , Gary Rendsburg
264 1 _aNew York :
_bW. W. Norton & Company,
_c[1992]
264 4 _c© 1992
300 _a345 páginas
_c; 21 cm
336 _2rdacontent
_atexto
_btxt
337 _2rdamedia
_asin mediación
_bn
338 _2rdacarrier
_avolumen
_bnc
505 _aprolegómenos -- Al principio -- Egipto a la era de Amarna -- Mesopotamia a la era de Amarna -- La era de Amarna - Ugarit -- Homero y el Oriente antiguo -- La era patriarcal -- Israel y la Era de Ramesside -- Ley y culto israelita -- Israel como una liga tribal -- La transición a la realeza -- Israel unido bajo la Casa de David -- Los reinos divididos a la purga de Jehú -- Del mayor imperio de -- Israel a la caída de Samaria -- Judá solo -- Exilio y restauración -- El paso de la antigüedad del Cercano Oriente -- La Biblia hebrea en proceso.
563 _aRustico
630 0 _aBiblia.
_pAntiguo Testamento
_xHistoria.
700 _97990
_aRendsburg, Gary A.
_eautor
942 _cBK
945 _aMag1104
999 _c68492
_d68492